Urban revitalization in traditional neighbourhoods in Chinese cities (Record no. 110689)

MARC details
000 -LEADER
fixed length control field 01321cad a22002535a 4500
001 - CONTROL NUMBER
control field E149984
008 - FIXED-LENGTH DATA ELEMENTS--GENERAL INFORMATION
fixed length control field 100521s2010 xxk f 000 0 eng d
020 ## - INTERNATIONAL STANDARD BOOK NUMBER
International Standard Book Number 9781842195352
035 ## - SYSTEM CONTROL NUMBER
System control number (Sirsi) u149984
041 0# - LANGUAGE CODE
Language code of text/sound track or separate title eng
100 1# - MAIN ENTRY--PERSONAL NAME
Personal name Silva, Elisabete A.
245 00 - TITLE STATEMENT
Title Urban revitalization in traditional neighbourhoods in Chinese cities
Medium [electronic resource]
260 ## - PUBLICATION, DISTRIBUTION, ETC.
Place of publication, distribution, etc. London
Name of publisher, distributor, etc. RICS
Date of publication, distribution, etc. 2010
490 #0 - SERIES STATEMENT
Series statement RICS Research
520 ## - SUMMARY, ETC.
Summary, etc. Looks at the effect which urban regeneration is having on: traditional neighbourhoods which have not been redeveloped; peripheral communities which were developed in order to house displaced residents from urban redevelopment in the city centre; and city-centre residential communities developed as part of a regeneration project to replace existing poor-quality traditional housing. Finda that property-led urban regeneration has intensified processes of gentrification, which has led to a decrease in the sense of neighbourhood attachment and safety.
521 ## - TARGET AUDIENCE NOTE
Target audience note Advanced
590 ## - LOCAL NOTE (RLIN)
Local note KA
651 #4 - SUBJECT ADDED ENTRY--GEOGRAPHIC NAME
Geographic name China
690 ## - LOCAL SUBJECT ADDED ENTRY--TOPICAL TERM (OCLC, RLIN)
Topical term or geographic name as entry element PROPERTY-PROPERTY MANAGEMENT-REGENERATION
700 1# - ADDED ENTRY--PERSONAL NAME
Personal name Song, Nan
700 1# - ADDED ENTRY--PERSONAL NAME
Personal name Wu, Ning
856 40 - ELECTRONIC LOCATION AND ACCESS
Uniform Resource Identifier <a href="https://www.rics.org/Global/Downloads/Urban_revitalisation_in_China.pdf">https://www.rics.org/Global/Downloads/Urban_revitalisation_in_China.pdf</a>
Public note View the research free of charge at www.rics.org
942 ## - ADDED ENTRY ELEMENTS (KOHA)
Suppress in OPAC 0
Holdings
Withdrawn status Lost status Source of classification or shelving scheme Damaged status Not for loan Home library Current library Shelving location Date acquired Total Checkouts Full call number Barcode Date last seen Copy number Price effective from Koha item type
    Dewey Decimal Classification     Virtual Virtual Online 21/05/2010   ONLINE PUBLICATION 149984-2001 06/08/2019 1 06/08/2019 Book